00300nam a2200121Ia 4500008004000000020001800040082001500058100001400073245001300087260005500100300001100155650001200166210210b1977 xxu||||| |||| 00| 0 eng d a0 7069 0645 4 a923.1 MUNH aMUNI LAL. aHumayun. aNew Delhi.bVikas Publishing House Pvt Ltd.,c1977 aix,242 aKings